Микрофоссилии дебенгдинской свиты позднего протерозоя Оленекского поднятия; Известия Томского политехнического университета [Известия ТПУ]; Т. 311, № 1 : Науки о Земле

Dettagli Bibliografici
Parent link:Известия Томского политехнического университета [Известия ТПУ]/ Томский политехнический университет (ТПУ).— , 2000-
Т. 311, № 1 : Науки о Земле.— 2007.— [С. 9-14]
Altri autori: Станевич А. М., Максимова Е. Н., Корнилова Т. А., Мазукабзов А. М., Гладкочуб Д. П.
Riassunto:Заглавие с титульного листа
Электронная версия печатной публикации
Изучены микрофоссилии из среднерифейской дебенгдинской свиты Оленекского поднятия. Описаны разнообразные органо-стенные формы акритарх и цианобактерий. Среди акритарх выделены морфологические группы, которые предварительно сопоставлены с крупными таксонами растительного мира: бурыми и зелеными водорослями, грибами, водорослей, находящихся в симбиотических отношениях (?) с цианобионтами. Подчеркнута преждевременность радикальных заключений о возрасте отложений по большинству протерозойских микрофоссилий.
Lingua:russo
Pubblicazione: 2007
Serie:Историческая геология
Soggetti:
Accesso online:http://www.lib.tpu.ru/fulltext/v/Bulletin_TPU/2007/v311/i1/02.pdf
Natura: MixedMaterials Elettronico Capitolo di libro
KOHA link:https://koha.lib.tpu.ru/cgi-bin/koha/opac-detail.pl?biblionumber=172384

MARC

LEADER 00000nla2a2200000 4500
001 172384
005 20231031164257.0
035 |a (RuTPU)RU\TPU\book\186949 
035 |a RU\TPU\book\186948 
090 |a 172384 
100 |a 20091213d2007 k y0rusy50 ca 
101 0 |a rus 
102 |a RU 
135 |a drnn ---uucaa 
181 0 |a i  
182 0 |a b 
200 1 |a Микрофоссилии дебенгдинской свиты позднего протерозоя Оленекского поднятия  |b Электронный ресурс  |f А. М. Станевич [и др.] 
203 |a Текст  |c электронный 
215 |a 1 файл (7 Мб) 
225 1 |a Историческая геология 
230 |a Электронные текстовые данные (1 файл : 7 Мб) 
300 |a Заглавие с титульного листа 
300 |a Электронная версия печатной публикации 
320 |a [Библиогр.: с. 14 (18 назв.)] 
330 |a Изучены микрофоссилии из среднерифейской дебенгдинской свиты Оленекского поднятия. Описаны разнообразные органо-стенные формы акритарх и цианобактерий. Среди акритарх выделены морфологические группы, которые предварительно сопоставлены с крупными таксонами растительного мира: бурыми и зелеными водорослями, грибами, водорослей, находящихся в симбиотических отношениях (?) с цианобионтами. Подчеркнута преждевременность радикальных заключений о возрасте отложений по большинству протерозойских микрофоссилий. 
337 |a Adobe Reader 
461 1 |0 (RuTPU)RU\TPU\book\176237  |t Известия Томского политехнического университета [Известия ТПУ]  |f Томский политехнический университет (ТПУ)  |d 2000- 
463 1 |0 (RuTPU)RU\TPU\book\186947  |t Т. 311, № 1 : Науки о Земле  |v [С. 9-14]  |d 2007 
610 1 |a микрофоссилии 
610 1 |a дебенгдинская свита 
610 1 |a протерозой 
610 1 |a Оленекское поднятие 
610 1 |a акритархи 
610 1 |a цианобактерии 
610 1 |a морфологические группы 
610 1 |a таксоны 
610 1 |a растительный мир 
610 1 |a бурые водоросли 
610 1 |a зеленые водоросли 
610 1 |a грибы 
610 1 |a цианобионты 
610 1 |a электронный ресурс 
701 1 |a Станевич  |b А. М. 
701 1 |a Максимова  |b Е. Н. 
701 1 |a Корнилова  |b Т. А. 
701 1 |a Мазукабзов  |b А. М. 
701 1 |a Гладкочуб  |b Д. П. 
801 1 |a RU  |b 63413507  |c 20090623  |g PSBO 
801 2 |a RU  |b 63413507  |c 20211115  |g PSBO 
856 4 |u http://www.lib.tpu.ru/fulltext/v/Bulletin_TPU/2007/v311/i1/02.pdf 
942 |c CF